| 000 | 01045nas a2200337 4500 | ||
|---|---|---|---|
| 001 | BR2011001406 | ||
| 003 | BR-BrBNA | ||
| 005 | 20231205114515.0 | ||
| 007 | ta | ||
| 008 | 230509b bl.|||p| |||| 00| 00por d | ||
| 040 |
_aBR-BrBNA _bpor _cBiblioteca Nacional de Agricultura |
||
| 041 | _a(Pt) | ||
| 072 | _aF04 | ||
| 100 | 1 | _aCarneiro, R.F.V. | |
| 100 | 1 | _aMartins, M.A. | |
| 100 | 1 | _aFreitas, M.S.M. | |
| 100 | 1 | _aDetmann, E. | |
| 100 | 1 | _aVasquez, H.M. | |
| 245 | 1 | _aBagaço de cana-de-açúcar como substrato para multiplicação de fungos micorrízicos arbusculares e sua influência sob estilosantes | |
| 650 | _aCAPIM BRACHIARIA | ||
| 650 | _aPLANTA FORRAGEIRA | ||
| 650 | _aBAGAÇO | ||
| 650 | _aSUBPRODUTO | ||
| 650 | _aCANA DE AÇÚCAR | ||
| 650 | _aMICORRIZA VESICULAR ARBUSCULAR | ||
| 650 | _aNUTRIENTE MINERAL | ||
| 650 | _aADUBAÇÃO | ||
| 773 | 0 |
_tRevista Caatinga (Brazil) _xISSN 0100-316X _g(2008), v. 21(5) p. 177-184 _wBR2011001406 |
|
| 909 |
_a202311 _bLúcia _c55 _dLúcia Elande |
||
| 942 |
_2AGRIS _n0 _cANA |
||
| 999 |
_c209088 _d209088 |
||